Estimating and costing in civil engineering : theory and practice, including specifications and valuations

Salvato in:
Dettagli Bibliografici
Autore principale: DUTTA, B. N
Natura: Libro
Lingua:inglese
Pubblicazione: UBS Publishers 2012
Tags: Aggiungi Tag
Nessun Tag, puoi essere il primo ad aggiungerne!!

MARC

LEADER 00000nam a22000007a 4500
008 210526b ||||| |||| 00| 0 eng d
020 |a : 978-81-7476-729-5 
100 |a DUTTA, B. N 
245 |a Estimating and costing in civil engineering  |b : theory and practice, including specifications and valuations  |c B. N. Dutta 
250 |b 27th 
260 |b UBS Publishers  |c 2012  |h  New Delhi  |i 691639, 691640 – Tech.  |l TH435 .D95  |m Building – Estimates  |m Engineering – Estimates 
500 |a “It includes index” 
942 |a lcc  |c BK  |e Mr ogunleye  |f 26/5/2021 
952 |0 0  |1 0  |2 lcc  |4 0  |6 TH0435 D95  |7 0  |9 2451  |a HOL  |b HOL  |d 2021-05-26  |l 0  |o TH435 .D95  |p 2021-6303  |r 2021-05-26 00:00:00  |w 2021-05-26  |y BK 
952 |0 0  |1 0  |2 lcc  |4 0  |6 TH0435 D95  |7 0  |9 2452  |a HOL  |b TL  |d 2021-05-26  |l 0  |o TH435 .D95  |p 2021-6304  |r 2021-05-26 00:00:00  |w 2021-05-26  |y BK 
999 |c 1277  |d 1277